Conducting job interviews / (Record no. 347231)

000 -LEADER
fixed length control field 00563 a2200169 4500
020 ## - INTERNATIONAL STANDARD BOOK NUMBER
International Standard Book Number 8173591091 (paperback)
020 ## - INTERNATIONAL STANDARD BOOK NUMBER
International Standard Book Number 9788173591099 (paperback)
090 ## - LOCALLY ASSIGNED LC-TYPE CALL NUMBER (OCLC); LOCAL CALL NUMBER (RLIN)
-- 4800
-- 4800
100 1# - MAIN ENTRY--PERSONAL NAME
Personal name Singh, Jagjeet.
245 10 - TITLE STATEMENT
Title Conducting job interviews /
Statement of responsibility, etc. Jagjeet Singh, Adrian Holden.
260 ## - PUBLICATION, DISTRIBUTION, ETC.
Place of publication, distribution, etc. [S.l.] :
Name of publisher, distributor, etc. Sterling Publishers Pvt.Ltd ,India,
Date of publication, distribution, etc. 1997.
300 ## - PHYSICAL DESCRIPTION
Extent 204 p. ;
Dimensions 22 cm.
500 ## - GENERAL NOTE
General note Import.
700 1# - ADDED ENTRY--PERSONAL NAME
Personal name Holden, Adrian.
856 40 - ELECTRONIC LOCATION AND ACCESS
Materials specified Amazon.com
Uniform Resource Identifier <a href="http://www.amazon.com/exec/obidos/ASIN/8173591091/chopaconline-20">http://www.amazon.com/exec/obidos/ASIN/8173591091/chopaconline-20</a>
942 ## - ADDED ENTRY ELEMENTS (KOHA)
Institution code [OBSOLETE] NBS
Koha item type Book
Call number prefix 658.31124 SIN
Holdings
Withdrawn status Lost status Damaged status Not for loan Permanent Location Current Location Date acquired Total Checkouts Total Renewals Full call number Barcode Date last seen Price effective from Koha item type
        Central Library (CL) Central Library (CL) 08/28/2013   2 658.31124 SIN NBS2700 08/30/2021 08/28/2013 Book
© 2023 Central Library, National University of Sciences and Technology. All Rights Reserved.